| 000 | 00000cam 2200000zi 4500 |
| 001 | 9.954802 |
| 003 | CaOODSP |
| 005 | 20251210074429 |
| 006 | m o d f |
| 007 | cr cn||||||||| |
| 008 | 250904t20252025onca ob f000 0 fre d |
| 020 | |a9780660787817 |
| 040 | |aCaOODSP|bfre|erda|cCaOODSP |
| 043 | |an-cn--- |
| 086 | 1 |aP29-3-0-28-8-2025F-PDF |
| 245 | 00|aMéthodes d'essai des produits pétroliers et produits connexes : |bévaluation visuelle de la turbidité des combustibles liquides. |
| 246 | 10|aÉvaluation visuelle de la turbidité des combustibles liquides |
| 250 | |a[Édition d'octobre 2025]. |
| 264 | 1|aOttawa (Ontario) : |bOffice des normes générales du Canada : |bConseil canadien des normes, |c2025. |
| 264 | 4|c©2025 |
| 300 | |a1 ressource en ligne ([3], 9 pages) : |billustrations. |
| 336 | |atexte|btxt|2rdacontent/fre |
| 337 | |ainformatique|bc|2rdamedia/fre |
| 338 | |aressource en ligne|bcr|2rdacarrier/fre |
| 490 | 1 |aNorme nationale du Canada ; |vCAN/CGSB-3.0 No 28.8-2020 |
| 500 | |a« Confirmée octobre 2025. » |
| 500 | |a« Rectificatif no. 1, décembre 2025. » |
| 500 | |a« Remplace CAN/CGSB-3.0 No 28.8-2015. » |
| 500 | |aPublié aussi en anglais sous le titre: Methods of testing petroleum and associated products : visual haze rating of liquid fuels. |
| 504 | |aComprend des références bibliographiques (page 9). |
| 520 | |a« La présente méthode d'essai décrit deux modes opératoires pour l'évaluation visuelle de la turbidité ou de l'apparence de contamination de combustibles liquides avec une cote de couleur ASTM de 5 ou moins, et un point de trouble inférieur à la température signalée par le test. La mise à l'essai et l'évaluation d'un produit en regard de la présente méthode peuvent nécessiter l'emploi de matériaux ou d'équipement susceptibles d'être dangereux. Le présent document n'entend pas traiter de tous les aspects liés à la sécurité de son utilisation. Il appartient à l'usager de la méthode de se renseigner auprès des autorités compétentes et d'adopter des pratiques de santé et de sécurité conformes aux règlements applicables avant de l'utiliser » -- Objet, page 1. |
| 650 | 6|aCombustibles liquids|xEssais|xNormes|zCanada. |
| 710 | 2 |aConseil canadien des normes, |eorganisme de publication. |
| 710 | 2 |aOffice des normes générales du Canada, |eorganisme de publication. |
| 775 | 08|tMethods of testing petroleum and associated products : |w(CaOODSP)9.954803 |
| 795 | |tMéthodes d'essai des produits pétroliers et produits connexes : |b[Édition d'octobre 2020]|w(CaOODSP)9.892257 |
| 830 | #0|aNorme nationale du Canada ;|vCAN/CGSB-3.0 No 28.8-2020.|w(CaOODSP)9.504227 |
| 856 | 40|qPDF|s880 Ko|uhttps://publications.gc.ca/collections/collection_2025/ongc-cgsb/P29-3-0-28-8-2025-fra.pdf|zRectificatif no. 1, décembre 2025 |
| 986 | |aICS 75.160.20 |